000 00692nam a2200289Ia 4500
005 20260324114601.0
008 008 260324s9999 xx 000 0 eng d
020 _a9781003271505
037 _aEBOOK
040 _aCRL
040 _beng
040 _cCRL
041 _2eng
041 _aeng
084 _qCRL
100 _aFrancis T.S. Yu
_91151358
245 4 _aThe Nature of Temporal (t > 0) Science
245 2 _bA Physically Realizable Principle
260 _bTaylor and Francis
260 _c2022
365 _a
365 _b340
856 _uhttp://www.taylorfrancis.com/books/9781003271505
942 _cEBOOK
999 _c1741622
_d1741622